000 006030000a22001810004500
003 MACL
005 20160205114406.0
008 160205b xxu||||| |||| 00| 0 eng d
040 _aMACL
_cMACL
041 _aHindi
082 _a020
100 _aसिंह डॉ. रामशोभित प्रसाद
_936950
245 _aपुस्‍तकालय-संगठन एवं प्रशासन
260 _bबिहार हिंदी ग्रथ अकादमी
_c1987
_aपटना
350 _a40
650 _aLibrary & Inf Science
_936940
942 _cHIN
_k020
_2ddc
999 _c29307
_d29307